空中写真クイズ 〜日本の港湾〜 - Statistics

General Stats
  • This quiz has been taken 264 times
  • The average score is 16 of 25
Answer Stats
Picture Answer % Correct
東京湾
98%
大阪湾
96%
仙台湾
87%
鹿児島湾
87%
広島湾
85%
駿河湾
83%
三河湾
82%
相模湾
81%
若狭湾
81%
伊勢湾
80%
博多湾
77%
富山湾
75%
陸奥湾
72%
函館湾
70%
土佐湾
70%
石狩湾
65%
{日向}灘
59%
根室湾
58%
別府湾
56%
内浦湾
49%
諫早湾
36%
英虞湾
32%
中城湾
14%
釜石湾
12%
川平湾
12%
No matching quizzes found
Score Distribution
Percent of People with Each Score
Percentile by Number Answered
Your Score History
You have not taken this quiz